Start k podnikání 5

Salvato in:
Dettagli Bibliografici
Natura: Libro
Lingua:ceco
Pubblicazione: Praha PROFESS 1991
Edizione:1. vyd.
Tags: Aggiungi Tag
Nessun Tag, puoi essere il primo ad aggiungerne!!

MARC

LEADER 00000nam a2200000 4500
001 c024208
005 20221214094908.0
041 0 |a cze 
044 |a CZ 
245 1 0 |a Start k podnikání 5 
250 |a 1. vyd. 
264 1 |a Praha  |b PROFESS  |c 1991 
300 |a 47 s.